Ueber die Agrarverfassung in Norddeutschland und deren Conflicte in der gegenwärtigen Zeit /

Bibliographic Details
Main Author: Harthausen, August, Freiherr von, 1792-
Format: eBook
Language:German
Published: Berlin : Gedruckt und verlegt bei G. Reimer, 1829.
Series:Making of the modern world (Goldsmiths'-Kress Library of Economic Literature)
Subjects:
Online Access:Connect to the full text of this electronic book

MARC

Tag First Indicator Second Indicator Subfields
LEADER 00000cam a2200000Ia 4500
001 in00002297213
005 20190326191445.0
006 m | d |
007 cr |n||||||||n
008 880629s1829 gw a s 000 0 ger d
040 |a NYG  |c GKR  |d OCL  |d Thomson Gale  |d UtOrBLW 
100 1 |a Harthausen, August,  |c Freiherr von,  |d 1792- 
245 1 0 |a Ueber die Agrarverfassung in Norddeutschland und deren Conflicte in der gegenwärtigen Zeit /  |c von August Freiherrn von Harthausen. 
264 1 |a Berlin :  |b Gedruckt und verlegt bei G. Reimer,  |c 1829. 
300 |a viii, 287 pages :  |b illustrations ;  |c 21 cm. 
336 |a text  |b txt  |2 rdacontent 
337 |a computer  |b c  |2 rdamedia 
338 |a online resource  |b cr  |2 rdacarrier 
500 |a Title on added title page: Ueber die Agrarverfassung in den Fürsthümern Paderborn und Corvey und deren Conflicte in der gegenwärtigen Zeit. 
500 |a Errata at end of text. 
500 |a Reproduction of original from Kress Library of Business and Economics, Harvard University. 
500 |a Goldsmiths'-Kress number 25815.8. 
510 4 |a OCLC,  |c 18149365 
533 |a Electronic reproduction.  |b Farmington Hills, Mich. :  |c Thomson Gale,  |d 2005.  |f (The making of the modern world).  |n Available via the World Wide Web.  |n Access limited to licensing agreements.  |7 s2005 miunns 
500 |a Electronic resource. 
650 0 |a Agriculture  |z Germany, Northern. 
655 0 |a Electronic books. 
740 0 |a Über die Agrarverfassung in Norddeutschland und deren Conflicte in der gegenwärtigen Zeit. 
740 0 |a Über die Agrarverfassung in den Fürsthümern Paderborn und Corvey und deren Conflicte in der gegenwärtigen Zeit. 
830 0 |a Making of the modern world (Goldsmiths'-Kress Library of Economic Literature) 
856 4 0 |u http://proxy.library.tamu.edu/login?url=http://galenet.galegroup.com/servlet/MOME?af=RN&ae=U110353184&srchtp=a&ste=14&locID=txshracd2898  |z Connect to the full text of this electronic book  |t 0 
999 |a MARS 
999 f f |s d33e317e-96eb-3c4a-bb73-9f51cbcb0a4e  |i d4f74355-fdc8-3f55-9fb0-0f7f50af4591  |t 0 
952 f f |a Texas A&M University  |b College Station  |c Electronic Resources  |d Available Online  |t 0  |h No information provided 
998 f f |t 0  |l Available Online